LEADER 01638oam 2200481I 450 001 9910705668303321 005 20170516090031.0 035 $a(CKB)5470000002451712 035 $a(OCoLC)986528639 035 $a(OCoLC)995470000002451712 035 $a(EXLCZ)995470000002451712 100 $a20170510d1942 ua 0 101 0 $aeng 135 $aurbn||||||||| 181 $ctxt$2rdacontent 182 $cc$2rdamedia 183 $acr$2rdacarrier 200 10$aReport of the nonmetals division $efiscal year 1942 /$fby O.C. Ralston and A. George Stern 210 1$aWashington, D.C. :$cU.S. Department of the Interior, Bureau of Mines,$d1942. 215 $a1 online resource (68 unnumbered pages) $cillustrations 225 1 $aR. I. ;$v3675 300 $a"November 1942." 300 $aAt head of title: United States Department of the Interior, Bureau of Mines. 300 $aAs of 05/10/2017, GPO could not validate the distribution status of this title for the FDLP. 517 $aReport of the nonmetals division 606 $aNonmetallic minerals 606 $aNonmetals 606 $aNonmetallic minerals$2fast 606 $aNonmetals$2fast 615 0$aNonmetallic minerals. 615 0$aNonmetals. 615 7$aNonmetallic minerals. 615 7$aNonmetals. 700 $aRalston$b Oliver C$g(Oliver Caldwell),$f1887-1965,$018353 702 $aStern$b A. George 712 02$aUnited States.$bBureau of Mines, 801 0$bGPO 801 1$bGPO 801 2$bGPO 906 $aBOOK 912 $a9910705668303321 996 $aReport of the nonmetals division$93462430 997 $aUNINA LEADER 01090nam0 22002771i 450 001 UON00082786 005 20231205102434.771 100 $a20020107d1970 |0itac50 ba 101 $afre 102 $aFR 105 $a|||| ||||| 200 1 $aˆLa ‰Republique de Guinée$fJean Suret-Canale 210 $aParis$cEditions Sociales$dc1970 215 $a431 p., p. di tav.$cill.$d22 cm 316 $a*Data inesatta$5IT-UONSI AOCST/024 606 $aGUINEA EQUATORIALE$xStoria$xSec. 19.-20.$3UONC024291$2FI 620 $aFR$dParis$3UONL002984 676 $a967.1803$cSTORIA DELLA GUINEA EQUATORIALE - 1979-1993$v21 700 1$aSURET-CANALE$bJean$3UONV053196$0173284 712 $aEditions Sociales$3UONV249242$4650 801 $aIT$bSOL$c20240220$gRICA 899 $aSIBA - SISTEMA BIBLIOTECARIO DI ATENEO$2UONSI 912 $aUON00082786 950 $aSIBA - SISTEMA BIBLIOTECARIO DI ATENEO$dSI AOC ST 024 $eSI AA 2057 5 024 *Data inesatta 996 $aRepublique de Guinée$91295639 997 $aUNIOR